000 00458nam a2200133 i 4500
001 bg
245 0 _aZagadnienia termomechaniki ciał sprężystych :
_bpraca zbiorowa /
_cPolska Akademia Nauk. Komitet Mechaniki i Fizyki Ośrodków Ciągłych.
260 _aWrocław,
_c1978.
710 _aPolska Akademia Nauk
_bKomitet Mechaniki i Fizyki Ośrodków Ciągłych
040 _cBPK
041 _apol
942 _cKS
008 s pl f |000 0 pol
999 _c18040
_d18040
856 _uhttp://koha.tu.koszalin.pl/cgi-bin/koha/opac-detail.pl?biblionumber=18040
_yKatalog online BPK